Vida de San Juan de la Cruz / (Record no. 171901)

MARC details
000 -LEADER
campo de control de longitud fija 00952nam a2200253 i 4500
001 - NÚMERO DE CONTROL
campo de control 171901
003 - IDENTIFICADOR DE NÚMERO DE CONTROL
campo de control ES-MaACL
005 - FECHA Y HORA DE LA ÚLTIMA TRANSACCIÓN
campo de control 20250808062816.0
008 - DATOS DE LONGITUD FIJA--INFORMACIÓN GENERAL
campo de control de longitud fija 090608s1982 sp |||| | spa d
017 ## - NÚMERO DE COPYRIGHT O DE DEPÓSITO LEGAL
Número de copyright o de depósito legal M 38945-1982
020 ## - NÚMERO INTERNACIONAL ESTÁNDAR DEL LIBRO
Número Internacional Estándar del Libro 84-220-1082-8
100 0# - ENTRADA PRINCIPAL--NOMBRE DE PERSONA
Nombre de persona Crisógono de Jesús Sacramentado (
Fechas asociadas al nombre 1904-1945)
9 (RLIN) 41621
245 10 - MENCIÓN DEL TÍTULO
Título Vida de San Juan de la Cruz /
Mención de responsabilidad, etc. obra póstuma de Crisógono de Jesús Sacramentado ; edición preparada y anotada por Matías del Niño Jesús.
250 ## - MENCION DE EDICION
Mención de edición 11ª ed.
260 ## - PUBLICACIÓN, DISTRIBUCIÓN, ETC.
Lugar de publicación, distribución, etc. Madrid :
Nombre del editor, distribuidor, etc. La Editorial Católica,
Fecha de publicación, distribución, etc. 1982.
300 ## - DESCRIPCIÓN FÍSICA
Extensión XXIV, 426 p., 1 h. ;
Dimensiones 20 cm.
490 1# - MENCIÓN DE SERIE
Mención de serie Biblioteca de autores cristianos ;
Designación de volumen o secuencia 435
504 ## - NOTA DE BIBLIOGRAFÍA, ETC.
Nota de bibliografía, etc. Bibliografía : p. XV-XXI. Índices.
600 04 - PUNTO DE ACCESO ADICIONAL DE MATERIA--NOMBRE DE PERSONA
Nombre de persona Juan de la Cruz
Títulos y otros términos asociados al nombre Santo-
Subdivisión general Biografías.
9 (RLIN) 67111
700 0# - ENTRADA AGREGADA--NOMBRE PERSONAL
Nombre de persona Matías del Niño Jesús.
9 (RLIN) 79064
830 00 - PUNTO DE ACCESO ADICIONAL DE SERIE-TÍTULO UNIFORME
Título uniforme Biblioteca de autores cristianos
Designación de volumen o secuencia 435
9 (RLIN) 178679
852 ## - LOCALIZACIÓN
Ubicación ES-MaACL
Número de control de estantería J-424
itemnumber R.46092
Holdings
Estatus retirado Estado de pérdida Estado de daño No para préstamo Biblioteca de origen Biblioteca actual Ubicación en estantería Fecha de adquisición Fuente de adquisición Total de préstamos Signatura topográfica completa Código de barras Visto por última vez Precio de reemplazo Tipo de ítem Koha
        Biblioteca del Ateneo de Madrid Biblioteca del Ateneo de Madrid Depósito 2 08/06/2009     J-424 1180405 23/02/2023 23/02/2023 Libro impreso